00281nam a2200121Ia 45000030006000000080041000060400015000471000016000622450026000782600026001045460012001300050017001420STCL150530s9999 xx 000 0 und d aSTCLcSTCL aPaul Auster aInvention of solitude bFaber and Faberc1992 aEnglish20220125171344.0